000 00464cam a2200181ua 4500
020 _c8.00
041 _ahin
_h
082 _a891.54
_bBHO/BH
100 _aBholashankar, Vyas .
245 _aBharatiya sahityasastra aur kavyalankara,part-1 /
_cBholashankar vyas.
_hTextual Documents
250 _a1 /
_b.
260 _a :
_bChowkhamba Vidhyabhavan ,
_c1965.
300 _a248 ; .
365 _a8.00
504 _a
942 _cBK
999 _c8362
_d8362